[Event "GER-chT U14"]
[Site "Magdeburg"]
[Date "2018.12.29"]
[Round "6.3"]
[White "Lautenschlaeger, Friedrich"]
[Black "Tolstorukova, Amelie"]
[Result "1-0"]
[WhiteElo "1364"]
[BlackElo "1174"]
[PlyCount "89"]
[EventDate "2018.12.27"]
[EventType "team-swiss"]
[EventRounds "7"]
[EventCountry "GER"]
[SourceTitle "CBM 188 Extra"]
[Source "ChessBase"]
[SourceDate "2019.02.28"]
[SourceVersion "1"]
[SourceVersionDate "2019.02.28"]
[SourceQuality "1"]
[WhiteTeam "Anhalt"]
[BlackTeam "Freiburg Zaehringen"]
[WhiteTeamCountry "GER"]
[BlackTeamCountry "GER"]

1. d4 d5 2. c4 Nf6 3. cxd5 Qxd5 4. Nc3 Qd8 5. e4 Nc6 6. Bb5 Bd7 7. Nf3 e6 8. Bg5 Be7 9. 0-0 0-0 10. Re1 Nh5 11. Be3 Re8 12. Qd3 Bb4 13. e5 a6 14. Ba4 f6 15. Bc2 g6 16. Bh6 Bf8 17. Bxf8 Rxf8 18. Nh4 Nb4 19. Qd2 Nxc2 20. Qxc2 fxe5 21. Nf3 exd4 22. Nxd4 Qf6 23. Rad1 Rae8 24. Ne4 Qe7 25. Qxc7 e5 26. Nd6 Rd8 27. Nxb7 Rc8 28. Qxe5 Qxe5 29. Rxe5 Rb8 30. Nc5 Rfd8 31. b3 Bf5 32. h3 Nf4 33. Rde1 Rbc8 34. Nxa6 Rd6 35. Nxf5 Rxa6 36. Ne7+ Kf7 37. Nxc8 Rxa2 38. Re7+ Kf6 39. Rxh7 Rc2 40. Nd6 g5 41. h4 gxh4 42. Rf7+ Kg5 43. Rf5+ Kg4 44. f3+ Kg3 45. Rg5# 1-0

[Event "GER-chT U14"]
[Site "Magdeburg"]
[Date "2018.12.28"]
[Round "4.3"]
[White "Tolstorukova, Amelie"]
[Black "Schuh, Ramon"]
[Result "0-1"]
[WhiteElo "1174"]
[BlackElo "1307"]
[PlyCount "68"]
[EventDate "2018.12.27"]
[EventType "team-swiss"]
[EventRounds "7"]
[EventCountry "GER"]
[SourceTitle "CBM 188 Extra"]
[Source "ChessBase"]
[SourceDate "2019.02.28"]
[SourceVersion "1"]
[SourceVersionDate "2019.02.28"]
[SourceQuality "1"]
[WhiteTeam "Freiburg Zaehringen"]
[BlackTeam "Hoyerswerda"]
[WhiteTeamCountry "GER"]
[BlackTeamCountry "GER"]

1. e4 d6 2. d4 Nf6 3. Nc3 g6 4. Nf3 Bg7 5. Bc4 0-0 6. 0-0 a6 7. a4 Nc6 8. h3 e5 9. dxe5 dxe5 10. Be3 Qe7 11. Qc1 Be6 12. Nd5 Bxd5 13. Bxd5 Nxd5 14. exd5 Nb4 15. Rd1 Rad8 16. Qd2 Nxd5 17. Qc1 Nxe3 18. Qxe3 Kh8 19. Re1 Rfe8 20. Re2 f5 21. g3 Rd7 22. Rae1 e4 23. Nd2 Red8 24. f3 Bd4 25. Nc4 Bxe3+ 26. Rxe3 Rd1 27. fxe4 Rxe1+ 28. Rxe1 Qc5+ 29. Ne3 fxe4 30. h4 Rd2 31. Kh1 b5 32. axb5 axb5 33. Nf1 Qf2 34. Nxd2 Qxe1+ 0-1

[Event "Baden Wuerttemberg-chT U14"]
[Site "Burg Ortenberg"]
[Date "2018.06.23"]
[Round "2.4"]
[White "Tolstorukova, Amelie"]
[Black "Takas, Dimitrios"]
[Result "0-1"]
[WhiteElo "1250"]
[BlackElo "965"]
[PlyCount "52"]
[EventDate "2018.06.23"]
[EventType "team-tourn"]
[EventRounds "5"]
[EventCountry "GER"]
[SourceTitle "EXT 2019"]
[Source "ChessBase"]
[SourceDate "2018.10.10"]
[SourceVersion "1"]
[SourceVersionDate "2018.10.10"]
[SourceQuality "1"]
[WhiteTeam "Zaehringen U14"]
[BlackTeam "Murrhardt U14"]
[WhiteTeamCountry "GER"]
[BlackTeamCountry "GER"]

1. e4 d5 2. exd5 Qxd5 3. Nc3 Qd6 4. Nf3 c6 5. Be2 e5 6. 0-0 Be6 7. b3 Qc7 8. Bb2 Nd7 9. d4 Ne7 10. dxe5 Ng6 11. Ne4 Be7 12. Qd4 Nf4 13. Bc1 Nxe2+ 14. Kh1 Nxd4 15. Nxd4 Qxe5 16. Nxe6 Qxe6 17. Re1 0-0 18. Bb2 Ne5 19. Ng5 Bxg5 20. Bxe5 Rfe8 21. g3 Qd5+ 22. Kg1 Rxe5 23. Rad1 Rxe1+ 24. Rxe1 Qd7 25. Kf1 Re8 26. Rxe8+ Qxe8 0-1

[Event "GER-chT U12"]
[Site "Magdeburg"]
[Date "2017.12.28"]
[Round "3.3"]
[White "Tolstorukova, Amelie"]
[Black "Hentschel, Lena"]
[Result "1/2-1/2"]
[WhiteElo "1223"]
[BlackElo "1378"]
[PlyCount "71"]
[EventDate "2017.12.26"]
[EventType "team-swiss"]
[EventRounds "7"]
[EventCountry "GER"]
[SourceTitle "CBM 182 Extra"]
[Source "ChessBase"]
[SourceDate "2018.02.23"]
[SourceVersion "1"]
[SourceVersionDate "2018.02.23"]
[SourceQuality "1"]
[WhiteTeam "Freiburg Zaehringen"]
[BlackTeam "Dresden Leuben"]
[WhiteTeamCountry "GER"]
[BlackTeamCountry "GER"]

1. e4 e5 2. Nf3 Nc6 3. Bc4 Bc5 4. c3 Nf6 5. d4 exd4 6. cxd4 Bb4+ 7. Bd2 Bxd2+ 8. Nbxd2 d5 9. e5 dxc4 10. exf6 Qxf6 11. Nxc4 Qe7+ 12. Ne3 Qb4+ 13. Qd2 Qxd2+ 14. Kxd2 Ne7 15. Rac1 c6 16. Kc2 0-0 17. Kb1 Be6 18. Rhe1 Rfe8 19. Re2 Rad8 20. Rce1 Nf5 21. Nxf5 Bxf5+ 22. Ka1 Kf8 23. Rxe8+ Rxe8 24. Rxe8+ Kxe8 25. Ne5 f6 26. Nc4 Kd7 27. Ne3 Ke6 28. b4 Be4 29. f3 Bd5 30. Kb2 b5 31. a3 g6 32. Kc3 h5 33. f4 Be4 34. h4 a6 35. g3 f5 36. Kd2 1/2-1/2

[Event "GER-chT U12"]
[Site "Magdeburg"]
[Date "2017.12.27"]
[Round "2.3"]
[White "Tolstorukova, Amelie"]
[Black "Guenther, Fabian"]
[Result "0-1"]
[WhiteElo "1223"]
[BlackElo "1404"]
[PlyCount "52"]
[EventDate "2017.12.26"]
[EventType "team-swiss"]
[EventRounds "7"]
[EventCountry "GER"]
[SourceTitle "CBM 182 Extra"]
[Source "ChessBase"]
[SourceDate "2018.02.23"]
[SourceVersion "1"]
[SourceVersionDate "2018.02.23"]
[SourceQuality "1"]
[WhiteTeam "Freiburg Zaehringen"]
[BlackTeam "Dresden TU"]
[WhiteTeamCountry "GER"]
[BlackTeamCountry "GER"]

1. e4 c5 2. Nc3 Nc6 3. Bc4 Nf6 4. Nf3 e6 5. d3 d5 6. Bb5 Bd7 7. d4 dxe4 8. Nd2 Nxd4 9. Bxd7+ Qxd7 10. Ndxe4 Nxe4 11. Nxe4 Qd5 12. f3 Rd8 13. 0-0 Qc4 14. Kh1 Nxc2 15. Nd2 Qd3 16. Rb1 Ne3 17. Qe1 Nxf1 18. Qxf1 Qxf1+ 19. Nxf1 Be7 20. Bf4 0-0 21. Rc1 Rd3 22. Be3 Rfd8 23. Kg1 Rd1 24. Rc3 R1d3 25. Rxd3 Rxd3 26. Ng3 Rxe3 0-1